000 00635cab a2200181 4500
001 WB2611-26
008 090401t1990 xxu||||| |||| 00| 0 eng d
035 _a(Sirsi) u9763
041 _aeng
245 _aTourism projects benefit inner-cities
260 _c1990
350 _a0
490 _aEstates Gazette
_vno 9010 10/3/90 p15
520 _aResearch by Central London Polytechnic for the DoE has found tourism projects are a good use of inner city grant aid, with schemes providing jobs and income while not detracting from other features in the area.
690 _aLEISURE AND RECREATION
942 _n0
948 _c04/03/1997
999 _c6139
_d6139